000 00632nam a22002057a 4500
005 20251108171159.0
008 250721s1996 xx 000 0 ara d
082 1 4 _a210.41334/بال
100 1 _aبالي، وحيد عبد السلام
245 1 0 _aوقاية الإنسان من الجن و الشيطان /
264 1 _aالدار البيضاء :
_bدار المعرفة،
_c1996.
300 _a328ص
650 1 7 _aالإسلام
650 1 7 _aالجن
650 1 7 _aالسحر
650 1 7 _aالشيطان
700 1 _aالجزائري، أبو بكر جابر
_eتحقيق
942 _2ddc
_cBK
999 _c58648
_d58648